Statistiques concernant Prénoms de stars - Série 14

Cliquez ici pour prendre le quiz!

Statistiques générales

  • Ce quiz a été pris 218 fois
  • Le résultat moyen est 8 sur 10

Statistiques - réponses

NomPrénom% Correct
BardotBrigitte
99%
ParadisVanessa
99%
FarmerMylène
96%
SansonVéronique
96%
VartanSylvie
95%
MathieuMireille
90%
GrecoJuliette
84%
RuizOlivia
81%
LaurensRose
46%
PlanaGeorgette
30%

Distribution des résultats

Percentile par nombre de réponses

% des personnes avec chaque résultat

Votre développement - résultats

Vous n’avez pas pris ce quiz